Southville International School and Colleges
Your cart is empty.
  • Cart
  • Lists
    Public lists Eva Luna New books Lux_list list_1
    Your lists Log in to create your own lists
  • Log in to your account
  • Your cookies
  • Search history
Southville International School and Colleges
  • Advanced search
  • Recent comments
  • Most popular
  • Libraries

Log in to your account

Log in with GOOGLE


If you do not have an external account, but do have a local account, you can still log in:

  1. Home
  2. MARC view: Making life :
Normal view MARC view ISBD view

Making life : (Record no. 283068)

[ view plain ]
MARC details
000 -LEADER
fixed length control field 00482nam a2200145Ia 4500
008 - FIXED-LENGTH DATA ELEMENTS--GENERAL INFORMATION
fixed length control field 150220s9999 xx 000 0 und d
020 ## - INTERNATIONAL STANDARD BOOK NUMBER
International Standard Book Number 071729269X
050 ## - LIBRARY OF CONGRESS CALL NUMBER
Classification number QP 251
Item number .W177 1998
100 ## - MAIN ENTRY--PERSONAL NAME
Personal name Walker, Richard.
245 ## - TITLE STATEMENT
Title Making life :
Remainder of title how we reproduce and grow /
Statement of responsibility, etc Richard Walker.
260 ## - PUBLICATION, DISTRIBUTION, ETC. (IMPRINT)
Place of publication, distribution, etc Connecticut :
Name of publisher, distributor, etc Grolier Educational,
Date of publication, distribution, etc 1998
300 ## - PHYSICAL DESCRIPTION
Extent 51 pages :
Other physical details Colored, Illustration ;
Dimensions 30 cm.
440 ## - SERIES STATEMENT/ADDED ENTRY--TITLE
Title Under the Microscope.
504 ## - BIBLIOGRAPHY, ETC. NOTE
Bibliography, etc Includes glossary and Index.

No items available.

Making life :

APA

Walker R., . (1998). Making life. Connecticut: Grolier Educational.

Chicago

Walker Richard, . 1998. Making life. Connecticut: Grolier Educational.

Harvard

Walker R., . (1998). Making life. Connecticut: Grolier Educational.

MLA

Walker Richard, . Making life. Connecticut: Grolier Educational. 1998.

  • Print
  • Cite
  • Add to your cart (remove)
  • Save record
    BIBTEX Dublin Core MARCXML MARC (non-Unicode/MARC-8) MARC (Unicode/UTF-8) MARC (Unicode/UTF-8, Standard) MODS (XML) RIS
  • More searches
    Search for this title in:
    Other Libraries (WorldCat) Other Databases (Google Scholar) Online Stores (Bookfinder.com) Open Library (openlibrary.org)

Exporting to Dublin Core...

SOUTHVILLE LIBRARY

Southville International School and Colleges Library

1281 Tropical Ave. Cor. Luxembourg St., BF Homes International, Las Pinas City

Tel. No. 8256374 / 252358 Loc. 117/146

Powered by Koha